[Event "Saarland-ch MB 85th"]
[Site "Homburg"]
[Date "2010.03.30"]
[Round "5"]
[White "Gehlen, Rolf"]
[Black "Kurfess, Thomas"]
[Result "1-0"]
[WhiteElo "1872"]
[BlackElo "1918"]
[PlyCount "115"]
[EventDate "2010.03.27"]
[EventType "swiss"]
[EventRounds "9"]
[EventCountry "GER"]
[SourceTitle "EXT 2011"]
[Source "ChessBase"]
[SourceDate "2010.11.26"]
[SourceVersion "1"]
[SourceVersionDate "2010.11.26"]
[SourceQuality "1"]

1. c4 c6 2. Nc3 d5 3. cxd5 cxd5 4. d4 Nf6 5. Nf3 Nc6 6. e3 e6 7. Bd3 Bb4 8. Bd2 0-0 9. 0-0 Re8 10. Ne5 Nxe5 11. dxe5 Nd7 12. f4 a6 13. Kh1 Bf8 14. Ne2 Nc5 15. Bb1 f6 16. Bc3 f5 17. Nd4 Bd7 18. g4 Qc8 19. gxf5 exf5 20. Rg1 Re7 21. Bc2 g6 22. Rc1 Rg7 23. Be1 Qe8 24. Bb3 Bc6 25. Bc2 Rc8 26. b4 Ne6 27. Bb3 Kh8 28. Qf3 g5 29. Bc3 g4 30. Qg2 Qh5 31. Rgd1 Nc7 32. Nxc6 bxc6 33. e6 Qe8 34. Bxg7+ Bxg7 35. Qc2 Qxe6 36. Qd3 Nb5 37. a4 Nd6 38. b5 axb5 39. axb5 Ne4 40. Kg1 g3 41. hxg3 Qg6 42. Rc2 d4 43. exd4 Rd8 44. Rxc6 Qh5 45. d5 Qh3 46. Rc2 h5 47. Rh2 Qg4 48. Rg2 Bf8 49. Rc1 Bd6 50. Bd1 Qg6 51. Bxh5 Qg7 52. Bd1 Ra8 53. Bb3 Kg8 54. Qe3 Ra1 55. Rgc2 Rxc1+ 56. Rxc1 Nxg3 57. Kh2 Qg4 58. Qe6+ 1-0